[Event "Arnold Cup"]
[Site "Gausdal"]
[Date "1995.??.??"]
[Round "4"]
[White "Sadler, Matthew"]
[Black "Cherniaev, Alexander"]
[Result "1-0"]
[WhiteElo "2575"]
[BlackElo "2450"]

1.d4 Nf6 2.c4 g6 3.Nc3 Bg7 4.e4 d6 5.Nf3 O-O 6.Be2 Na6 7.O-O e5 8.Be3 Ng4
9.Bg5 Qe8 10.dxe5 dxe5 11.Nd2 h6 12.Bh4 Nf6 13.Nd5 g5 14.Bg3 c6 15.Ne3 Qe7
16.Qc2 Nc5 17.Rfd1 a5 18.f3 Nh5 19.Bf2 Nf4 20.Ndf1 Re8 21.Ng3 Bf8 22.Bf1 Qf6
23.Rd2 h5 24.Ngf5 Bxf5 25.Nxf5 Red8 26.Rad1 Rxd2 27.Rxd2 Nfe6 28.h4 Rd8 29.hxg5 Qxg5
30.Be3 Qf6 31.Rxd8 Qxd8 32.Qf2 Qf6 33.Qg3+ Ng7 34.Nxg7 Qxg7 35.Qh4 Ne6 36.Qxh5 Qg3
37.Qh2 Qe1 38.Bf2 Bc5 39.Bxc5 Nxc5 40.Qxe5 Nd3 41.Qd4 Nc1 42.Qf2 Qd1 43.b3 a4
44.bxa4 Qxa4 45.Qg3+ Kf8 46.Qd6+ Kg7 47.e5 Qa7+ 48.c5 Qa3 49.Bc4 Qe3+ 50.Kf1 Qf4
51.Qf6+ Qxf6 52.exf6+ Kxf6 53.Kf2  1-0

[Event "Gausdal Int"]
[Site "Gausdal"]
[Date "1995.??.??"]
[Round "9"]
[White "Tisdall, Jonathan D"]
[Black "Sutovskij, Emil"]
[Result "0-1"]
[WhiteElo "2470"]
[BlackElo "2530"]

1.d4 Nf6 2.c4 d6 3.Nc3 g6 4.e4 Bg7 5.Nf3 O-O 6.Be2 Nbd7 7.O-O e5 8.Be3 c6
9.d5 c5 10.Ne1 Ne8 11.Nd3 f5 12.exf5 gxf5 13.f4 e4 14.Nf2 Bxc3 15.bxc3 Ndf6
16.h3 Kh8 17.Kh2 Rg8 18.g3 Qe7 19.Rg1 Qg7 20.Rg2 Qh6 21.Kg1 Ng7 22.Qd2 Qg6
23.Kh1 Qh6 24.Rag1 Bd7 25.Rh2 Qg6 26.g4 a6 27.g5 Nfh5 28.Ng4 b5 29.Rhg2 bxc4
30.Bxc4 fxg4 31.hxg4 Bxg4 32.Rxg4 Nf5 33.Be2 Nf6 34.R4g2 Nxe3 35.Qxe3 Nxd5
36.Qd2 Qf5 37.Bg4 Qf7 38.c4 Nxf4 39.Rf2 e3 40.Qxe3 Raf8 41.Rgf1 Qb7+ 42.Kg1 Rxg5
43.Rxf4 Rfg8 44.Kh2 Rxg4 45.Rxg4 Rxg4 46.Rf8+ Kg7 47.Rg8+ Kxg8 48.Qe6+ Kf8
49.Qxg4 Qb2+ 50.Kh3 Qc3+ 51.Kh2 Qe5+ 52.Kh3 Ke7 53.Qh4+ Ke6 54.Qh6+ Qf6 55.Qe3+ Kd7
56.Qb3 Kc7 57.a4 Qf1+ 58.Kh4 Qe1+ 59.Kg5 Qg1+ 60.Kf6 Qg6+ 61.Ke7 Qg7+ 62.Ke8 Qg8+
63.Ke7 Qb8 64.Qd3 Qd8+ 65.Kf7 Qd7+ 66.Kf8 Qxa4 67.Qxh7+ Qd7 68.Qd3 a5 69.Qb3 a4
70.Qc3 Kb6 71.Qd3 Ka6 72.Qc2 a3 73.Qa2 Qc8+  0-1

[Event "Geneve op"]
[Site "Geneve"]
[Date "1995.??.??"]
[Round "1"]
[White "Peric, Slavisa"]
[Black "Gallagher, Joseph G"]
[Result "1/2-1/2"]
[WhiteElo "2220"]
[BlackElo "2515"]

1.d4 Nf6 2.c4 g6 3.Nc3 Bg7 4.e4 d6 5.Nf3 O-O 6.Be2 e5 7.dxe5 dxe5 8.Qxd8 Rxd8
9.Nd5 Nxd5 10.cxd5 c6 11.Bc4 cxd5 12.Bxd5 Nd7 13.Bg5 Re8 14.Nd2 Nc5 15.O-O-O Ne6
16.Be3 Nf4 17.Bxf4 exf4 18.Nb3 Rb8 19.Kb1 Re7 20.f3 Be5 21.Rd2 Kg7 22.Rc1 f5
23.Rdc2 Bd7 24.Nc5 fxe4 25.Nxd7 Rxd7 26.Bxe4 Rbd8 27.a3 Kf6 28.Rc8 Rd2 29.R1c2 Rd1+
30.Rc1 R8d2 31.Rxd1 Rxd1+ 32.Rc1 Rd7 33.Rc8 Bd4 34.Rb8 b6 35.Rb7 Rxb7 36.Bxb7 Kg5
37.Kc2 Kh4 38.Kd3 Bg1 39.Ke2 Bxh2 40.Kf2 Kg5 41.a4 a5 42.b3 Bg3+ 43.Ke2 Kh5
44.Bd5 Bh4 45.Bg8 h6 46.Bf7 Be7 47.Be8 Bc5 48.Bf7 Kg5 49.Be8 Kf6 50.Bd7 Ke7
51.Bc8 h5 52.Kd3 Kf6 53.Bd7  1/2-1/2

[Event "Geneve op"]
[Site "Geneve"]
[Date "1995.??.??"]
[Round "5"]
[White "Lyrberg, Patrik"]
[Black "Poldauf, Dirk"]
[Result "0-1"]
[WhiteElo "2415"]
[BlackElo "2425"]

1.d4 Nf6 2.c4 g6 3.Nc3 Bg7 4.e4 d6 5.Nf3 O-O 6.Be2 e5 7.d5 Nbd7 8.Bg5 h6
9.Bh4 g5 10.Bg3 Nh5 11.h4 g4 12.Nh2 f5 13.exf5 Nc5 14.Bxg4 Nxg3 15.fxg3 Bxf5
16.O-O Bd3 17.Be2 e4 18.Bxd3 exd3 19.Qg4 Kh8 20.Nf3 c6 21.Rae1 Qb6 22.Re7 Bf6
23.Ng5 Ne4+ 24.c5 Qxc5+ 25.Kh2 Nxg5 26.Rxf6 Rxf6 27.Ne4 Qe3 28.Qd7 Qxe4 29.hxg5 Qf5
30.gxf6 Qxd7 31.Rxd7 d2 32.dxc6 d1=Q 33.c7 Qh5+  0-1

[Event "Geneve op"]
[Site "Geneve"]
[Date "1995.??.??"]
[Round "6"]
[White "Efimov, Igor"]
[Black "Cvitan, Ognjen"]
[Result "0-1"]
[WhiteElo "2460"]
[BlackElo "2520"]

1.d4 Nf6 2.Nf3 g6 3.c4 Bg7 4.Nc3 d6 5.e4 O-O 6.Be2 e5 7.Be3 c6 8.O-O Qe7
9.d5 Ng4 10.Bg5 f6 11.Bd2 Na6 12.Ne1 Nh6 13.Nd3 c5 14.a3 f5 15.b4 b6 16.f3 Nf7
17.Rb1 Bd7 18.Qe1 Bh6 19.Bxh6 Nxh6 20.bxc5 Nxc5 21.Nxc5 bxc5 22.Qd2 Kg7 23.Rb7 Rf7
24.Nb5 fxe4 25.Nc7 e3 26.Qd1 Rc8 27.Ne6+ Kg8 28.g4 Qh4 29.Qb1 Nxg4 30.fxg4 Rf2
31.Rxf2 Qxf2+ 32.Kh1 Bxe6 33.Qd1 Bf7 34.Qf1 Qxf1+ 35.Bxf1 g5 36.Kg1 Bg6 37.Rb3 Kg7
38.Rxe3 Re8 39.Kf2 Kf6 40.Rf3+ Ke7 41.Be2 e4 42.Rc3 Kf6 43.Rc1 Ke5 44.a4 a5
45.Ra1 Kf4 46.Ke1 e3  0-1

[Event "Geneve op"]
[Site "Geneve"]
[Date "1995.??.??"]
[Round "8"]
[White "Lyrberg, Patrik"]
[Black "Touzane, Olivier"]
[Result "0-1"]
[WhiteElo "2415"]
[BlackElo "2310"]

1.d4 Nf6 2.c4 d6 3.Nc3 g6 4.e4 Bg7 5.Nf3 O-O 6.Be2 e5 7.d5 Na6 8.Nd2 Bh6
9.O-O Nc5 10.Qc2 a5 11.Nb3 Bxc1 12.Raxc1 Nfd7 13.Nd2 f5 14.exf5 gxf5 15.f4 exf4
16.Rxf4 Ne5 17.Rcf1 Bd7 18.Nb3 Nxb3 19.axb3 Qg5 20.Bd3 Ng4 21.Qd2 Rae8 22.h3 Ne3
23.R1f3 Re5 24.Ne4 Qe7 25.Qxe3 Re8 26.Rg3+ Kh8 27.Qf2 fxe4 28.Rf7 e3 29.Qf6+  0-1

[Event "Gent op"]
[Site "Gent"]
[Date "1995.??.??"]
[Round "5"]
[White "Werbeck, Torsten"]
[Black "De Wit, Dick"]
[Result "1/2-1/2"]
[WhiteElo "2275"]
[BlackElo "2325"]

1.d4 Nf6 2.Nf3 g6 3.c4 Bg7 4.Nc3 O-O 5.e4 d6 6.Be2 Nbd7 7.O-O e5 8.Be3 Ng4
9.Bg5 f6 10.Bc1 Nh6 11.Be3 Ng4 12.Bc1 Nh6 13.Be3 Ng4  1/2-1/2

[Event "OL-SW 9596"]
[Site "GER"]
[Date "1995.??.??"]
[Round "?"]
[White "Lisanti, Andre"]
[Black "Bruch, Ingo"]
[Result "1-0"]
[WhiteElo "2305"]
[BlackElo "2310"]

1.d4 Nf6 2.Nf3 g6 3.c4 Bg7 4.Nc3 d6 5.e4 O-O 6.Be2 e5 7.d5 a5 8.Bg5 h6 9.Bh4 Na6
10.Nd2 Qe8 11.O-O Nh7 12.a3 Bd7 13.b3 h5 14.f3 Bh6 15.Qc2 Be3+ 16.Bf2 Bxf2+
17.Rxf2 Qe7 18.Rb1 Nf6 19.b4 axb4 20.axb4 h4 21.Bf1 Nh5 22.Ne2 Qg5 23.Qc3 c5
24.dxc6 bxc6 25.Nb3 Rfb8 26.Ra1 Qd8 27.c5 Be6 28.Nec1 dxc5 29.Rxa6 Rxa6 30.Bxa6 cxb4
31.Qxe5 Ra8 32.Bf1 Ra3 33.Nc5 Qa5 34.N1d3 Bc4 35.Qb8+ Kg7 36.Qxb4 Qxb4 37.Nxb4 Ra1
38.Nbd3  1-0

[Event "OL-SW 9596"]
[Site "GER"]
[Date "1995.??.??"]
[Round "?"]
[White "Wehbe, Ricardo"]
[Black "Treppner, Gerd"]
[Result "1/2-1/2"]
[WhiteElo "2255"]
[BlackElo "2315"]

1.Nf3 Nf6 2.d4 g6 3.c4 d6 4.Nc3 Nbd7 5.e4 e5 6.Be2 Bg7 7.O-O O-O 8.d5 Nc5
9.Qc2 a5 10.Bg5 h6 11.Bh4 g5 12.Bg3 Nh5 13.Nd2 Nf4 14.b3 f5 15.f3 Nxe2+ 16.Nxe2 f4
17.Bf2 h5 18.a3 g4 19.b4 Na6 20.Qc3 Bf6 21.Kh1 Rf7 22.c5 Bh4 23.Bxh4 Qxh4
24.Ng1 Qe7 25.Nc4 axb4 26.axb4 Rb8 27.Rfc1 Rg7 28.cxd6 cxd6 29.b5 Nc7 30.Qb4 Ne8
31.Ra2 h4 32.fxg4 Bxg4 33.h3 Bh5 34.Nb6 Qd8 35.Nc4 Rc8 36.Rac2 Rgc7 37.Qb3 Nf6
38.Nd2 Bg6 39.Qd3 Rxc2 40.Rxc2 Rxc2 41.Qxc2 Kg7 42.Qc4 Qa5 43.Ngf3 Nh5 44.Qc8 Ng3+
45.Kh2 Qa1 46.Qxb7+ Bf7 47.Ng1 Qe1 48.Ndf3 Nf1+ 49.Kh1 Ng3+  1/2-1/2

[Event "BL2-O9495"]
[Site "Germany"]
[Date "1995.??.??"]
[Round "?"]
[White "Pribyl, Martin"]
[Black "Kunze, Carlo"]
[Result "1-0"]
[WhiteElo "2360"]
[BlackElo "2335"]

1.d4 Nf6 2.c4 g6 3.Nc3 Bg7 4.e4 d6 5.Nf3 O-O 6.Be2 Nbd7 7.O-O e5 8.d5 Nc5
9.Nd2 a5 10.Rb1 Nfd7 11.b3 f5 12.a3 Nf6 13.b4 axb4 14.axb4 Ncxe4 15.Ndxe4 Nxe4
16.Nxe4 fxe4 17.Be3 Bf5 18.Ra1 b6 19.Qb3 Bf6 20.c5 bxc5 21.bxc5 Rxa1 22.Rxa1 Bg5
23.c6 Bxe3 24.Qxe3 Qb8 25.h3 Qb4 26.Ra7 Rf7 27.Ba6 h5 28.Qh6 Qb8 29.Rb7 Qf8
30.Qg5 Qe7 31.Rb8+ Kg7 32.Qxe7 Rxe7 33.Kf1 Rf7 34.Ke2 Rf8 35.Rb7 Rf7 36.Ra7 Kf6
37.Ke3 Kg5 38.Be2 Kh4 39.Ra8 Kg5 40.Rh8 Re7 41.Rg8 h4 42.Rh8 Rg7 43.g4 hxg3
44.fxg3 Kf6 45.g4 Be6 46.g5+ Ke7 47.dxe6 Kxe6 48.Rd8 Kd5 49.Rd7 Rg8 50.Rxc7 Ra8
51.h4 Ra3+ 52.Kf2 Rh3 53.h5 Rh2+ 54.Kg3 Rxe2 55.hxg6 Ra2 56.g7 Ra8 57.Rf7 e3
58.Rf8  1-0

[Event "Oberliga Nord N9495"]
[Site "Germany"]
[Date "1995.??.??"]
[Round "?"]
[White "Buhr, Carl Christian"]
[Black "Junge, Kai"]
[Result "1/2-1/2"]
[WhiteElo "2175"]
[BlackElo "2265"]

1.d4 Nf6 2.Nf3 g6 3.c4 Bg7 4.Nc3 O-O 5.e4 d6 6.Be2 e5 7.O-O Nbd7 8.Qc2 c6
9.Rd1 Qe7 10.b3 exd4 11.Nxd4 Nc5 12.f3 Nfd7 13.Qd2 a5 14.Bb2 Ne5 15.Rab1 Qh4
16.Bf1 Ned3 17.Qe3 Nxb2 18.Rxb2 Re8 19.Qf2 Qxf2+ 20.Kxf2 Ne6 21.Nxe6 Bxe6
22.Rc2 Rad8 23.Ne2 Kf8 24.Rcd2 Ke7 25.g3 Bc8 26.Bg2  1/2-1/2

[Event "BL2-N9495"]
[Site "Germany"]
[Date "1995.??.??"]
[Round "?"]
[White "Wilhelmi, Christian"]
[Black "Beckemeier, Werner"]
[Result "0-1"]
[WhiteElo "2280"]
[BlackElo "2375"]

1.d4 Nf6 2.Nf3 g6 3.c4 Bg7 4.Nc3 O-O 5.e4 d6 6.Be2 Nbd7 7.O-O e5 8.Qc2 c6
9.Rd1 Qe7 10.d5 c5 11.g3 Ne8 12.Nh4 Bf6 13.Ng2 Ng7 14.Re1 Qd8 15.Be3 Be7
16.Rab1 f5 17.exf5 Nxf5 18.Ne4 Nf6 19.Bd3 Ng4 20.Rf1 h5 21.Qe2 Kg7 22.f3 Ngxe3
23.Nxe3 Nd4 24.Qg2 Bg5 25.Nc2 Nf5 26.Rbe1 Bh6 27.Kh1 Nd4 28.b3 Rf7 29.Rf2 Qf8
30.Ref1 Bd7 31.Nxd4 cxd4 32.f4 Bf5 33.fxe5 dxe5 34.h3 Be3 35.Rf3 Qb4 36.c5 Rd7
37.Rxf5 gxf5 38.Rxf5 Rf8 39.Rxh5 Qe1+ 40.Kh2 Rdf7 41.Rh4 Bh6 42.Rg4+ Kh8
43.Rh4 Qe3 44.d6 Qxd3 45.Rxh6+ Kg7 46.Re6 Qe3 47.Rxe5 d3 48.Re7 Qe2 49.Kg1 Kh8
50.Rxf7 Rxf7 51.b4 Qe1+ 52.Kh2 d2 53.Qxd2 Qxd2+ 54.Nxd2 Rf2+ 55.Kg1 Rxd2
56.Kf1 b6 57.Ke1 Rd5  0-1

[Event "BL2-W9495"]
[Site "Germany"]
[Date "1995.??.??"]
[Round "?"]
[White "Kertesz, Alfred"]
[Black "Matthaei, Alexander"]
[Result "1/2-1/2"]
[WhiteElo "2375"]
[BlackElo "2285"]

1.d4 Nf6 2.c4 g6 3.Nc3 Bg7 4.e4 d6 5.Nf3 O-O 6.Be2 e5 7.dxe5 dxe5 8.Qxd8 Rxd8
9.Bg5 c6 10.Nxe5 Re8 11.f4 h6 12.Bh4 Na6 13.Bf2 g5 14.g3 Bh3 15.O-O-O Bg2
16.Rhe1 Nxe4 17.Nxe4 Bxe4 18.Bd3 Bxd3 19.Nxd3 b6 20.Ne5 Bxe5 21.Rxe5 Rxe5
22.fxe5 Re8 23.Rd6 Rxe5 24.Rxh6 c5 25.Kd2 Nc7 26.Rd6 Kf8 27.Rd8+ Ke7 28.Rb8 g4
29.Rb7 Kd6 30.Be3 Kc6 31.Rxa7 Rh5 32.Bf4 Rxh2+ 33.Kc3 Ne6 34.Rxf7 Rf2 35.Rf6 Kd7
36.Be5 Re2 37.Rf5  1/2-1/2

[Event "Landesliga S9596 Bayern"]
[Site "Germany"]
[Date "1995.??.??"]
[Round "?"]
[White "Reilein, Christian"]
[Black "Klundt, Klaus"]
[Result "0-1"]
[WhiteElo "2290"]
[BlackElo "2320"]

1.d4 Nf6 2.Nf3 g6 3.c4 Bg7 4.Nc3 O-O 5.e4 d6 6.Be2 e5 7.dxe5 dxe5 8.Qxd8 Rxd8
9.Bg5 c6 10.Nxe5 Re8 11.O-O-O Na6 12.f4 Nc5 13.Bf3 h6 14.Bh4 g5 15.Bf2 gxf4
16.Nxc6 Ncxe4 17.Nxe4 Nxe4 18.Bxe4 Rxe4 19.Rd8+ Kh7 20.Nd4 Bf6 21.Rd6 Be5
22.Rd8 Bf6 23.Rd6 Be5 24.Rd8 Bc7 25.Rd5 Be6 26.Nxe6 Rxc4+ 27.Kb1 fxe6 28.Rd7+ Kg6
29.Rhd1 e5 30.Re7 Kf5 31.Rdd7 Rc8 32.a3 Bb6 33.Bxb6 axb6 34.Rxb7 R8c6 35.Rb8 Rc1+
36.Ka2 R1c2 37.Rf8+ Ke4 38.g3 Rf2 39.gxf4 Rxf4 40.Rfe8 Rf5 41.Re6 Rxe6 42.Rxe6 Kf3
43.Rxb6 e4 44.Re6 e3 45.b4 e2 46.a4 Rf4 47.Rxe2 Kxe2 48.Kb3 Kd3 49.a5 Kd4
50.a6 Rf6 51.b5 Kc5 52.Ka4 Kb6  0-1

[Event "NRW-Liga I 9495"]
[Site "Germany"]
[Date "1995.??.??"]
[Round "?"]
[White "Eng, Holger"]
[Black "Sicherl, Peter"]
[Result "1-0"]
[WhiteElo "2355"]
[BlackElo "2230"]

1.Nf3 Nf6 2.c4 g6 3.Nc3 Bg7 4.e4 d6 5.d4 O-O 6.Be2 e5 7.Be3 c6 8.d5 c5 9.Nd2 Ne8
10.g4 a6 11.g5 f5 12.gxf6 Nxf6 13.Rg1 Nbd7 14.h4 Rf7 15.a3 Nf8 16.b4 b6 17.Rb1 h5
18.Bg5 N8h7 19.Be3 Ng4 20.Bxg4 hxg4 21.Rh1 Bf6 22.h5 gxh5 23.Rxh5 Bh4 24.Ne2 Bg5
25.Qb3 Qf6 26.Ng3 Bd7 27.Ke2 Raf8 28.Rf1 Qg6 29.Ke1 b5 30.bxc5 bxc4 31.Nxc4 Bb5
32.Nxd6 Bxe3 33.Nxf7 Rxf7 34.Qxe3 Bxf1 35.Kxf1 Rf3 36.Qh6 Qxh6 37.Rxh6 Rxa3
38.Re6 a5 39.c6 Nf8 40.Rxe5 Rc3 41.Re7 a4 42.Ra7 a3 43.Ne2  1-0

[Event "BL2-N9495"]
[Site "Germany"]
[Date "1995.??.??"]
[Round "?"]
[White "Lukacs, Peter"]
[Black "Stanke, Juergen"]
[Result "1/2-1/2"]
[WhiteElo "2490"]
[BlackElo "2265"]

1.d4 g6 2.c4 Bg7 3.Nc3 d6 4.e4 Nd7 5.Nf3 e5 6.Be2 Ngf6 7.O-O O-O 8.Qc2 Qe7
9.Be3 h6 10.dxe5 dxe5 11.Nd5 Qd8 12.Rfd1 Ne8 13.c5 c6 14.Nc3 Qe7 15.b4 Ndf6
16.h3 Nh5 17.Bf1 Nf4 18.Bxf4 exf4 19.e5 Nc7 20.Re1 Be6 21.Qe4 Nd5 22.Nxd5 Bxd5
23.Qxf4 a5 24.a3 axb4 25.axb4 Rxa1 26.Rxa1 Bxf3 27.Qxf3  1/2-1/2

[Event "BL2-W9495"]
[Site "Germany"]
[Date "1995.??.??"]
[Round "?"]
[White "Boehle, Lars"]
[Black "Luethgens, Eike"]
[Result "1/2-1/2"]
[WhiteElo "2270"]
[BlackElo "2230"]

1.d4 Nf6 2.c4 g6 3.Nc3 Bg7 4.e4 d6 5.Nf3 O-O 6.Be2 e5 7.O-O Na6 8.Be3 Ng4
9.Bg5 Qe8 10.dxe5 dxe5 11.h3 h6 12.Bd2 Nf6 13.Be3 Nh5 14.Re1 Nf4 15.Bf1 c6
16.a3 Qe7 17.b4 Rd8 18.Qb1 Ne6 19.c5 Nd4 20.Nd2 Be6 21.Qb2 Nc7 22.Nc4 Bxc4
23.Bxc4 Nce6 24.Rad1 Rd7 25.Ne2 Rad8 26.Qb1 Kh7 27.Kf1 Bf6 28.Qc1 Bg5 29.Nxd4 Nxd4
30.Bxg5 hxg5 31.Be2 Kg7 32.Qc4 Nxe2 33.Qxe2 Qe6 34.Kg1 Qb3 35.Ra1 Rd2 36.Qf3 Qxf3
37.gxf3 R8d3 38.Kg2 Kf6 39.Reb1 Rc3 40.Rd1 Rxd1 41.Rxd1 Ke7 42.Ra1 Rb3 43.Kg3 Ke6
44.Kg2 Rc3 45.Ra2 a5 46.Rb2 Rxa3 47.bxa5 Rxa5 48.Rxb7 Rxc5 49.Rc7 Rc2 50.Rc8 Rc4
51.Kg3 f5 52.exf5+ gxf5 53.Rg8 f4+ 54.Kg2 Kf6 55.Rf8+ Kg6 56.Rg8+ Kh6 57.Re8 Rc5
58.Rc8 Kg6 59.Rg8+ Kf6 60.Rf8+ Ke6 61.Rg8 Ra5 62.Rxg5 Ra8 63.h4 c5 64.h5 Rh8
65.Rg6+ Kd5 66.h6 c4 67.Kf1 Rh7  1/2-1/2

[Event "Oberliga Nord N9495"]
[Site "Germany"]
[Date "1995.??.??"]
[Round "?"]
[White "Hochgraefe, Markus"]
[Black "Joecks, Christian"]
[Result "1/2-1/2"]
[WhiteElo "2270"]
[BlackElo "2340"]

1.c4 Nf6 2.Nc3 g6 3.e4 d6 4.d4 Bg7 5.Nf3 O-O 6.Be2 e5 7.O-O Na6 8.Re1 Qe8
9.Bf1 Bg4 10.d5 Nh5 11.Rb1 f5 12.h3 Bxf3 13.Qxf3 fxe4 14.Qxe4 Nc5 15.Qc2 a5
16.Be3 b6 17.b3 Qd7 18.a3 a4 19.b4 Nb3 20.c5 bxc5 21.bxc5 Nd4 22.Qa2 Nf4
23.Ne4 Kh8 24.cxd6 cxd6 25.Ng5 Rf5 26.Bxf4 exf4 27.Ne6 Be5 28.Qc4 Rc8 29.Qd3 Nxe6
30.dxe6 Qxe6 31.Rec1 Rff8 32.Qb5 Bd4 33.Re1 Qa2 34.Re2 Qxa3 35.Qb4 Qxb4 36.Rxb4 Bc5
37.Rxa4 f3 38.gxf3 Rxf3 39.Bg2 Rf5 40.Ra8 Rxa8 41.Bxa8 Kg7 42.Rd2 Kf6 43.Bb7 Rf4
44.Kg2 g5 45.Bf3 Bd4 46.Re2 Be5 47.Re4 Kf5 48.Rxf4+ Kxf4 49.Bd5 Bf6 50.Bg8 h6
51.Bf7 g4 52.hxg4 Kxg4 53.f3+ Kg5 54.Kh3 Be5 55.Bd5 h5 56.Bb7  1/2-1/2

[Event "BL2-N9495"]
[Site "Germany"]
[Date "1995.??.??"]
[Round "?"]
[White "Von Alvensleben, Wolfram"]
[Black "Rudolf, Henrik"]
[Result "1-0"]
[WhiteElo "2245"]
[BlackElo "2230"]

1.d4 g6 2.c4 Bg7 3.e4 d6 4.Nf3 Nf6 5.Nc3 O-O 6.Be2 e5 7.O-O Na6 8.Re1 c6
9.Rb1 exd4 10.Nxd4 Re8 11.Bf1 Ng4 12.Nf3 Qb6 13.Qc2 Nb4 14.Qe2 d5 15.h3 Nh6
16.a3 d4 17.axb4 dxc3 18.bxc3 Nf5 19.Qc2 Ne7 20.Bf4 a5 21.c5 Qa7 22.Ra1 b6
23.Be3 Qb7 24.cxb6 axb4 25.Rxa8 Qxa8 26.cxb4 Ba6 27.Bd4 Bxf1 28.Rxf1 Qb7
29.Bxg7 Kxg7 30.Qc3+ Kg8 31.Ne5 Rd8 32.Ng4 Kf8 33.Qh8+ Ng8 34.Nh6  1-0

[Event "Hessenliga"]
[Site "Germany"]
[Date "1995.??.??"]
[Round "?"]
[White "Kettler, Bernhard"]
[Black "Krah, Michael"]
[Result "0-1"]
[WhiteElo "2295"]
[BlackElo "2120"]

1.e4 g6 2.d4 Bg7 3.c4 d6 4.Nc3 Nf6 5.Nf3 O-O 6.Be2 e5 7.Be3 Ng4 8.Bg5 f6
9.Bc1 Nc6 10.d5 Ne7 11.h3 Nh6 12.g4 Nf7 13.g5 f5 14.h4 c6 15.Be3 fxe4 16.Nd2 cxd5
17.cxd5 Bf5 18.Qb3 b6 19.O-O-O Qd7 20.Rhg1 Nd8 21.Kb1 Nb7 22.Bb5 Qc7 23.Bc6 Na5
24.Nb5 Qxc6 25.dxc6+ Nxb3 26.Nxb3 d5  0-1

[Event "NRW-Liga I 9495"]
[Site "Germany"]
[Date "1995.??.??"]
[Round "?"]
[White "Sygulski, Artur"]
[Black "Wolter, Kai"]
[Result "1/2-1/2"]
[WhiteElo "2360"]
[BlackElo "2245"]

1.d4 Nf6 2.c4 g6 3.Nc3 Bg7 4.e4 d6 5.Be2 O-O 6.Nf3 e5 7.dxe5 dxe5 8.Qxd8 Rxd8
9.Bg5 c6 10.Nxe5 Re8 11.O-O-O Na6 12.f4 h6 13.Bh4 g5 14.fxg5 hxg5 15.Bg3 Nc5
16.Rhf1 Be6 17.Nf3 Nfxe4 18.Nxe4 Nxe4 19.Nd4 Nxg3 20.hxg3 Bxd4 21.Rxd4 Rad8
22.Rxd8 Rxd8 23.Kc2 c5 24.Kc3 b6 25.a3 Kf8 26.b4 Ke7 27.bxc5 bxc5 28.Rb1 Kd6
29.Rd1+ Kc7 30.Rxd8 Kxd8 31.g4 Kc7 32.g3 Kd6 33.Kd3 Ke5 34.Ke3 f6 35.Kd3 Bd7
36.Ke3 Bc6 37.Bf1 Be4 38.Be2 Bg6 39.Bf3 Bc2 40.Be2 Ba4 41.Kd3 Bc6 42.Ke3  1/2-1/2

[Event "BL9495 (Women)"]
[Site "Germany"]
[Date "1995.??.??"]
[Round "202"]
[White "Kas Fromm, Rita"]
[Black "Bobrowska, Monika"]
[Result "1/2-1/2"]
[WhiteElo "2250"]
[BlackElo "2265"]

1.d4 Nf6 2.c4 g6 3.Nc3 Bg7 4.e4 d6 5.Be2 O-O 6.Nf3 e5 7.Be3 Ng4 8.Bg5 f6
9.Bc1 Nc6 10.h3 Nh6 11.Be3 Nf7 12.O-O Re8 13.Qd2 f5 14.exf5 gxf5 15.dxe5 dxe5
16.Rad1 Qxd2 17.Rxd2 f4 18.Bc5 b6 19.Ba3 e4 20.Nh2 f3 21.gxf3 Bxh3 22.Rfd1 Bxc3
23.bxc3 Re6 24.Nf1 Rg6+ 25.Kh2 Rh6 26.Kg1 Bxf1 27.Kxf1 Ng5 28.fxe4 Nxe4 29.Rd3 Rh2
30.Bf3 Rxf2+ 31.Kg1 Rxf3 32.Rxf3 Ne5 33.Re3 Ng5 34.Rg3 Kf7 35.Kg2 h6 36.Re1 Nxc4
37.Bc1 Rd8 38.Re2 Rd5 39.Bf4 c5 40.Bb8 a6 41.Bf4 Kf6  1/2-1/2

[Event "BL2-W9495"]
[Site "Germany"]
[Date "1995.??.??"]
[Round "?"]
[White "Belov, Igor"]
[Black "Balashov, Yuri S"]
[Result "0-1"]
[WhiteElo "2430"]
[BlackElo "2505"]

1.Nf3 Nf6 2.c4 g6 3.Nc3 Bg7 4.e4 d6 5.d4 O-O 6.Be2 e5 7.Be3 Nbd7 8.O-O Qe7
9.d5 Ng4 10.Bg5 f6 11.Bd2 f5 12.Ng5 Ndf6 13.exf5 gxf5 14.h3 Nh6 15.f4 Nf7
16.Qc2 e4 17.Nxf7 Rxf7 18.Be3 c5 19.dxc6 bxc6 20.Rad1 Be6 21.b4 Rc8 22.Qd2 d5
23.c5 Nd7 24.Kh2 Qf6 25.Bd4 Qxd4 26.Qxd4 Bxd4 27.Rxd4 Nf8 28.Ba6 Rcc7 29.Ne2 Bc8
30.Bxc8 Rxc8 31.b5 Ne6 32.bxc6 Nxd4 33.Nxd4 Rf6 34.Rd1 Kf7 35.Kg3 Ke7 36.Kf2 h5
37.Nb3 Rfxc6 38.Rxd5 Ke6 39.Re5+ Kf6 40.Ke3 h4 41.Kd4 Re6 42.Rxe6+ Kxe6 43.Kc4 Kd7
44.Nd4 e3 45.c6+ Kc7 46.Kd3 Re8 47.Ke2 Re4 48.Nxf5 Rxf4 49.Nxe3 Kxc6 50.Nc2 Kc5
51.Ke3 Ra4 52.a3 Kc4 53.Kf3 a5 54.Ne3+ Kd3 55.Nf5 Rxa3 56.Nxh4 Rc3 57.g4 a4  0-1

[Event "Landesliga N9596 Bayern"]
[Site "Germany"]
[Date "1995.??.??"]
[Round "?"]
[White "Gross, Stefan"]
[Black "Kestler, Hans Guenther"]
[Result "1/2-1/2"]
[WhiteElo "2310"]
[BlackElo "2305"]

1.d4 Nf6 2.c4 d6 3.Nf3 g6 4.Nc3 Bg7 5.e4 O-O 6.Be2 e5 7.Be3 Ng4 8.Bg5 f6
9.Bh4 Nc6 10.d5 Ne7 11.Nd2 Nh6 12.f3 f5 13.b4 fxe4 14.fxe4 Bd7 15.Bf3 Bf6
16.Bf2 g5 17.h3 Ng6  1/2-1/2

[Event "Landesliga S9596 Bayern"]
[Site "Germany"]
[Date "1995.??.??"]
[Round "?"]
[White "Billenkamp, Thomas"]
[Black "Marschall, Josef"]
[Result "0-1"]
[WhiteElo "1945"]
[BlackElo "2090"]

1.d4 Nf6 2.Nf3 g6 3.c4 Bg7 4.Nc3 O-O 5.e4 d6 6.Be2 e5 7.Be3 Nbd7 8.O-O c6
9.dxe5 dxe5 10.Nd2 h6 11.c5 b6 12.b4 Qe7 13.Na4 b5 14.Nc3 a5 15.a3 Rd8 16.Qc2 a4
17.h3 Nf8 18.f4 exf4 19.Bxf4 Ne8 20.Nf3 Be6 21.e5 Bb3 22.Qe4 Ne6 23.Be3 Rac8
24.Kh1 Qd7 25.Qh4 g5 26.Qg3 f5 27.exf6 Nxf6 28.Rac1 Nh5 29.Qg4 Nef4 30.Bxf4 Nxf4
31.Bd1 Be6 32.Qg3 Bc4 33.Nxg5 Bxf1 34.Qxf4  0-1

[Event "BL9596 (Women)"]
[Site "Germany"]
[Date "1995.??.??"]
[Round "?"]
[White "Schmitz, Manuela"]
[Black "Bielicki, Birke"]
[Result "0-1"]
[WhiteElo "2130"]
[BlackElo "2085"]

1.d4 Nf6 2.c4 g6 3.Nc3 Bg7 4.e4 d6 5.Nf3 O-O 6.Be2 e5 7.Be3 Nc6 8.d5 Ne7
9.Nd2 Nd7 10.b4 f5 11.f3 fxe4 12.fxe4 Kh8 13.Bf3 Ng8 14.O-O Ndf6 15.c5 Bh6
16.Nc4 Bxe3+ 17.Nxe3 Nh6 18.a3 Qe7 19.cxd6 cxd6 20.Rc1 Bd7 21.Qe2 Nf7 22.Ng4 Ng5
23.Nxf6 Rxf6 24.Bg4 Raf8 25.Bxd7 Qxd7 26.Rxf6 Rxf6 27.Rf1 Rxf1+ 28.Qxf1 Kg7
29.Qe2 Qf7 30.Qf2 Qf4 31.Qxf4 exf4 32.Kf2 Kf6 33.h4 Nf7 34.Kf3 Ke5 35.Ne2 g5
36.h5 Nh6 37.g4 Ng8 38.Nc1 Nf6 39.Nb3 Nxe4 40.Na5 Nd2+ 41.Kf2 Kxd5 42.Nxb7 Nc4
43.Nd8 Ne5 44.Nb7 Nxg4+  0-1

[Event "BL9495 (Women)"]
[Site "Germany"]
[Date "1995.??.??"]
[Round "203"]
[White "Schmitz, Manuela"]
[Black "Ramseier, Jana S"]
[Result "0-1"]
[WhiteElo "2170"]
[BlackElo "2125"]

1.d4 Nf6 2.c4 g6 3.Nc3 Bg7 4.e4 d6 5.Nf3 O-O 6.Be2 e5 7.Be3 Nc6 8.d5 Ne7
9.Nd2 Ne8 10.c5 f5 11.f3 f4 12.Bf2 g5 13.Nc4 Ng6 14.cxd6 cxd6 15.Nb5 a6 16.Na7 Bd7
17.Nb6 Rb8 18.Nxd7 Qxd7 19.b4 Nf6 20.b5 axb5 21.O-O h5 22.Qb3 g4 23.Qxb5 Qe7
24.Rac1 h4 25.Qb6 g3 26.Be1 h3 27.gxh3 Nh5 28.hxg3 fxg3 29.Qc7 Qh4 30.Qd7 Nhf4  0-1

[Event "BL2-O9495"]
[Site "Germany"]
[Date "1995.??.??"]
[Round "?"]
[White "Matthey, Harald"]
[Black "Schaack, Harry"]
[Result "1-0"]
[WhiteElo "2340"]
[BlackElo "2285"]

1.d4 Nf6 2.c4 g6 3.Nc3 Bg7 4.e4 d6 5.Nf3 O-O 6.Be2 e5 7.Be3 h6 8.dxe5 dxe5
9.Bc5 Qxd1+ 10.Rxd1 Re8 11.Nd5 Na6 12.Nxf6+ Bxf6 13.Ba3 Bg4 14.c5 Nb8 15.Bb5 Nc6
16.Bxc6 bxc6 17.Ke2 Be6 18.b3 a5 19.Bc1 g5 20.Be3 a4 21.Nd2 Reb8 22.Rb1 Rb5
23.Rhc1 axb3 24.axb3 Rab8 25.Rc3 Bg7 26.Ra1 f5 27.f3 g4 28.Ra6 gxf3+ 29.gxf3 f4
30.Bf2 Bd7 31.Rd3 Be8 32.Ra7 R5b7 33.Rxb7 Rxb7 34.Rd8 Kf7 35.Kd3 Ra7 36.Bh4 Ra1
37.Rc8 Rh1 38.Rxc7+ Kg6 39.Be7 Rxh2 40.Bd6 h5 41.Re7 Bf7 42.Bxe5 Bxe5 43.Rxe5 h4
44.Rf5 Be6 45.Rxf4 h3 46.Rh4 Kg5 47.Rh8 Bf7 48.e5 Bd5 49.Ke3 Rh1 50.Ne4+ Bxe4
51.Kxe4 Re1+ 52.Kd4 Rd1+ 53.Kc4 Rc1+ 54.Kb4 Kf5 55.Rxh3 Kxe5 56.Rh6 Rf1 57.Rxc6 Rxf3
58.Rd6  1-0

[Event "BL2-N9495"]
[Site "Germany"]
[Date "1995.??.??"]
[Round "?"]
[White "Wilhelmi, Christian"]
[Black "Stolz, Mike"]
[Result "1/2-1/2"]
[WhiteElo "2280"]
[BlackElo "2265"]

1.d4 Nf6 2.Nf3 g6 3.c4 Bg7 4.Nc3 O-O 5.e4 d6 6.Be2 e5 7.Be3 h6 8.O-O Ng4
9.Bc1 Na6 10.h3 exd4 11.Nxd4 Nf6 12.Bf4 Re8 13.Bf3 Nc5 14.Re1 a5 15.Qd2 Kh7
16.Rad1 Nfd7 17.Qc2 Bxd4 18.Rxd4 Ne6 19.Qd2 Nxd4 20.Qxd4 Ne5 21.Be2 Be6 22.b3 Qf6
23.Qd2 Qg7 24.Nb5 f5 25.exf5 Bxf5 26.Nd4 Be4 27.Bf1 Nc6 28.Nb5 Bf5 29.Be3 Re5
30.Nd4 Qf8 31.Nxf5 Qxf5 32.Bd3 Qf6 33.Rf1 Qf8 34.f4 Rh5 35.f5 gxf5 36.g4 Qg7
37.Bxf5+ Kh8 38.Kh2 Rf8 39.gxh5 Qe5+ 40.Bf4 Qxf5 41.Qc3+ Rf6 42.Bg5 Qxf1
43.Bxf6+ Kg8 44.Qg3+ Kf7 45.Qg6+ Ke6 46.Qe8+ Kf5 47.Qg6+ Ke6 48.Bg5+ Kd7
49.Qg7+ Ke8 50.Qg8+ Kd7 51.Qg7+ Ke8 52.Qg8+  1/2-1/2

[Event "BL2-N9495"]
[Site "Germany"]
[Date "1995.??.??"]
[Round "?"]
[White "Schirm, Friedmar"]
[Black "Kapischka, Jens"]
[Result "1/2-1/2"]
[WhiteElo "2300"]
[BlackElo "2290"]

1.Nf3 Nf6 2.c4 g6 3.Nc3 Bg7 4.e4 d6 5.d4 O-O 6.Be2 e5 7.Be3 Nbd7 8.O-O c6
9.d5 c5 10.Ne1 Ne8 11.Nd3 f5 12.exf5 gxf5 13.f4 b6 14.Qd2 Qe7 15.Rae1 Kh8
16.Kh1 a6 17.a4 Rb8 18.g4 exf4 19.Bxf4 Ne5 20.Bg5 Qc7 21.Nxe5 Bxe5 22.Bd3 Ng7
23.Bh6 Rf6 24.Qg5 Rg6 25.Qh4 Bf6 26.g5 Be5 27.Ne4 b5 28.Nf6 bxc4 29.Bxg7+ Qxg7
30.Bxf5 Bxf5 31.Rxf5 Rxb2 32.Ng4 Qb7 33.Nxe5 Qxd5+ 34.Qe4 Qxe4+ 35.Rxe4 dxe5
36.Rfxe5 Rc6 37.Rxc4 Rb4 38.Rcxc5 Rxc5 39.Rxc5 Rxa4 40.Kg2 Kg7 41.Kg3 Kg6
42.h4 Ra3+ 43.Kg4 Ra4+ 44.Kg3 Ra3+  1/2-1/2